Managerial and technological guidance for small business in Japan

সংরক্ষণ করুন:
গ্রন্থ-পঞ্জীর বিবরন
বিন্যাস: গ্রন্থ
ভাষা:Undetermined
প্রকাশিত: [Tokyo] [Tokyo] 1970
বিষয়গুলি:
ট্যাগগুলো: ট্যাগ যুক্ত করুন
কোনো ট্যাগ নেই, প্রথমজন হিসাবে ট্যাগ করুন!
Thư viện lưu trữ: Trung tâm Học liệu Trường Đại học Cần Thơ
LEADER 00559nam a2200181Ia 4500
001 CTU_88569
008 210402s9999 xx 000 0 und d
082 |a 338.95 
082 |b M266 
245 0 |a Managerial and technological guidance for small business in Japan 
245 0 |c Asia Productivity Organization 
260 |a [Tokyo] 
260 |b [Tokyo] 
260 |c 1970 
650 |a Small business,Industrial policy,Business consultants 
650 |z Japan,Japan,Japan 
904 |i M.Loan,Hải 
980 |a Trung tâm Học liệu Trường Đại học Cần Thơ